Responses for Show #4346 - Monday, June 23, 2003

Contestants

[<< previous game]

Bonnie Schwab, a lawyer and teacher from Maplewood, New Jersey

Matt Goldberg, an airline employee from Roslyn, New York

Peter O'Malley, a writer and teacher from Boston, Massachusetts (whose 1-day cash winnings total $7,600)

[next game >>]

Jeopardy! Round responses

SOUTH AMERICAN WILDLIFE
CABLE TV
BUSINESS & INDUSTRY
WHAT WERE YOU WEARING?
BOOKS TO LISTEN TO
GOING "N"SANE
    $200 17
piranhas

Peter
    $200 11
Bravo

Matt
    $200 5
Goodyear

Matt
    $200 24
denim

Bonnie
    $200 16
Al & Tipper Gore

Matt
    $200 1
null

Peter
    $400 18
monkeys

Triple Stumper
    $400 12
The Real World

Peter
    $400 6
(Peter: What is Great Cuts?)

Fantastic Sam's

PeterBonnie
    $400 25
bathing suit

Bonnie
    $400 19
Sandy Koufax

Matt
    $400 2
nectar

Bonnie
    $600 20
(Matt: What is the boa constrictor?)

anaconda

MattBonnie
    $600 13
Nero Wolfe

Matt
    $600 7
Swiss Army Knife

Bonnie
    $600 26
gingham

Peter
    $600 21
Rudolph Giuliani

Peter
    $600 3
National Enquirer

Triple Stumper
    $800 29
(Bonnie: What is the [**]?)
[Initially ruled incorrect; reversed before Double Jeopardy!]

the jaguar (ocelot accepted)

Bonnie
    $800 14
The Discovery Channel

Matt
    $800 8
Subaru

Peter
    $800 27
midi skirt

Triple Stumper
    $2,000 22
Moby-Dick

Peter
    $800 4
Noel

Matt
    $1000 30
macaw

Matt
    $1000 15
Sex and the City

Bonnie
    $1000 9
Etch A Sketch

Peter
    $1000 28
crinoline

Triple Stumper
    $1000 23
(Alex: Minute to go.)

David Sedaris (Me Talk Pretty One Day)

Peter
    $1000 10
nitrogen

Bonnie

Scores at the first commercial break (after clue 15):

Peter Matt Bonnie
$2,000 $2,600 $3,400

Scores at the end of the Jeopardy! Round:

Peter Matt Bonnie
$6,400 $3,600 $5,400

Double Jeopardy! Round responses

ENGINEERING
POPULATION UNDER 50,000
UH-OH
HISTORIC WOMEN
COUNTRY SINGERS
(Alex: In which you have to give each singer's country of birth.)
SPELL THE LAST NAME
(Alex: You're back in school!)
    $400 15
coolant

Matt
    $400 1
Connecticut

Peter
    $400 14
(Bonnie: What is toxic waste?)

hazardous waste

MattBonnie
    $400 6
Harlem Globetrotters

Matt
    $400 3
M-A-C-A-R-T-H-U-R

Peter
    $800 16
composite

Triple Stumper
    $1,200 2
(Peter: What is Hope?)
...
(Alex: That's where he [Bill Clinton] was born.)

Hot Springs

Peter
    $800 19
risk

Matt
    $800 10
Dante

Peter
    $800 4
(Bonnie: Descartes, [*].)
(Peter: René Descartes, what is D-E-C-A-R-T-E-S?)
(Matt: What is D-E-C-A-R-T-E-S?)
...
(Alex: Bonnie forgot to phrase it in the form of a question, so that's why we ruled her wrong.)

D-E-S-C-A-R-T-E-S

PeterMattBonnie
Triple Stumper
    $1200 17
Electrical

Triple Stumper
    $1200 7
Mile-Deep City

Bonnie
    $1200 21
critical mass

Peter
    $2,500 11
Literature

Peter
    $1200 5
(Peter: What is A-U-D-O-B-O-N?)

A-U-D-U-B-O-N

PeterBonnie
    $1600 18
(Alex: Minute to go.)

compressor

Bonnie
    $1600 8
Laurel

Triple Stumper
    $1600 12
France

Peter
    $1600 22
M-O-D-I-G-L-I-A-N-I

Triple Stumper
    $2000 20
arch

Triple Stumper
    $2000 9
Americus

Matt
    $2000 13
Emma Goldman

Bonnie
    $2000 23
(Bonnie: What is N-I-E-T-S-C-H-E?)
(Peter: What is N-E-I-S... I'm sorry, can I start again?)
(Alex: No, and Matt doesn't want to try.)
[The end-of-round signal sounds.]

N-I-E-T-Z-S-C-H-E

PeterBonnie
Triple Stumper

Scores at the end of the Double Jeopardy! Round:

Peter Matt Bonnie
$8,100 $6,800 $8,200

[wagering suggestions for these scores]

Final Jeopardy! Round responses

U.S. HISTORY
MattWhat is ABSCAM
$6,799
PeterWhat is Savings and Loan?
$8,000
BonnieWhat is Iran Contra
$8,001
Iran-Contra

Final scores:

Peter Matt Bonnie
$100 $1 $16,201
2nd place: $2,000 3rd place: $1,000 New champion: $16,201

Game dynamics:

Coryat scores:

Peter Matt Bonnie
$6,800 $6,800 $8,200
15 R
(including 2 DDs),
5 W
(including 1 DD)
13 R,
2 W
13 R,
3 W

Combined Coryat: $21,800

[game clues] [game scores] [suggest correction]

Game tape date: 2003-02-25
The J! Archive is created by fans, for fans. Scraping, republication, monetization, and malicious use prohibited; this site may use cookies and collect identifying information. See terms. The Jeopardy! game show and all elements thereof, including but not limited to copyright and trademark thereto, are the property of Jeopardy Productions, Inc. and are protected under law. This website is not affiliated with, sponsored by, or operated by Jeopardy Productions, Inc. Join the discussion at JBoard.tv.